书目信息 |
| 题名: |
最新大学英语四级统考过关学习辞典
|
|
| 作者: | 王守廉 编著 | |
| 分册: | ||
| 出版信息: | 天津 天津大学出版社 1997.08 |
|
| 页数: | 1034页 | |
| 开本: | 32开 | |
| 丛书名: | ||
| 单 册: | ||
| 中图分类: | H313-61 | |
| 科图分类: | ||
| 主题词: | 英语 | |
| 电子资源: | ||
| ISBN: | 7-5618-0959-X | |
| 000 | 00606nam0 2200193 45 | |
| 001 | 0103261632 | |
| 005 | 20010326164035.3 | |
| 010 | @a7-5618-0959-X@d38.00元 | |
| 100 | @a20010326d1997 km y0chiy0120 ea | |
| 101 | 0 | @achi |
| 105 | @a z 000yy | |
| 200 | 1 | @a最新大学英语四级统考过关学习辞典@AZui Xin Da Xue Ying Yu Si Ji Tong Kao Guo Guan Xue Xi Ci Dian@f王守廉等编著@FWang Shou Lian Deng Bian Zhu |
| 210 | @a天津@c天津大学出版社@d1997.08 | |
| 215 | @a1034页@d32开 | |
| 606 | 0 | @a英语 |
| 690 | @aH313-61@v3 | |
| 701 | 0 | @a王守廉@4编著 |
| 801 | @aCN@bPftUser@c20010326 | |
| 905 | @dH313-61@eW461@b66144@f1 | |
| 最新大学英语四级统考过关学习辞典/王守廉等编著.-天津:天津大学出版社,1997.08 |
| 1034页;32开 |
| ISBN 7-5618-0959-X:38.00元 |
| ● |
| 相关链接 |
|
|
|
正题名:最新大学英语四级统考过关学习辞典
索取号:H313-61/W461
 
预约/预借
| 序号 | 登录号 | 条形码 | 馆藏地/架位号 | 状态 | 备注 |
| 1 | 66143 | 200661435 | 语言库209/ [索取号:H313-61/W461] | 在馆 | |
| 2 | 66144 | 200661444 | 语言库209/209语言库 58排4列5层/ [索取号:H313-61/W461] | 在馆 |